Retailers called on to help policy (Record no. 117338)
[ view plain ]
| 000 -LEADER | |
|---|---|
| fixed length control field | 01089cam a2200229 4500 |
| 001 - CONTROL NUMBER | |
| control field | WB4018-09 |
| 008 - FIXED-LENGTH DATA ELEMENTS--GENERAL INFORMATION | |
| fixed length control field | 040512n2004 000 0 eng u |
| 035 ## - SYSTEM CONTROL NUMBER | |
| System control number | (Sirsi) u126168 |
| 245 ## - TITLE STATEMENT | |
| Title | Retailers called on to help policy |
| 260 ## - PUBLICATION, DISTRIBUTION, ETC. | |
| Date of publication, distribution, etc. | 2004 |
| 490 ## - SERIES STATEMENT | |
| Series statement | Planning (for the Natural and Built Environment) |
| Volume/sequential designation | (1568) 7 May 2004, 4(1) |
| 520 ## - SUMMARY, ETC. | |
| Summary, etc. | A report on improving competitiveness by the Retail Strategy Group has called on retailers to be more involved in planning policy. The report argues for greater co-operation between retailers and government and for retailers to engage with regional planning bodies in preparing guidance at a regional level. This would help the planning system work more effectively and provide protection from larger shopping centres. "Retail Strategy Group report: driving change" can be viewed at http://www.brc.org.uk/RSG/. |
| 590 ## - LOCAL NOTE (RLIN) | |
| Local note | WB |
| 590 ## - LOCAL NOTE (RLIN) | |
| Local note | WB |
| 650 ## - SUBJECT ADDED ENTRY--TOPICAL TERM | |
| Topical term or geographic name entry element | RETAILERS |
| 650 ## - SUBJECT ADDED ENTRY--TOPICAL TERM | |
| Topical term or geographic name entry element | RETAIL POLICY |
| 650 ## - SUBJECT ADDED ENTRY--TOPICAL TERM | |
| Topical term or geographic name entry element | PLANNING POLICY |
| 650 ## - SUBJECT ADDED ENTRY--TOPICAL TERM | |
| Topical term or geographic name entry element | REGIONAL PLANNING |
| 650 ## - SUBJECT ADDED ENTRY--TOPICAL TERM | |
| Topical term or geographic name entry element | SHOPPING CENTRES |
| 690 ## - LOCAL SUBJECT ADDED ENTRY--TOPICAL TERM (OCLC, RLIN) | |
| Topical term or geographic name as entry element | PLANNING |
| 942 ## - ADDED ENTRY ELEMENTS (KOHA) | |
| Suppress in OPAC | 0 |
| Withdrawn status | Lost status | Source of classification or shelving scheme | Damaged status | Not for loan | Home library | Current library | Shelving location | Date acquired | Total Checkouts | Full call number | Barcode | Date last seen | Copy number | Price effective from | Koha item type |
|---|---|---|---|---|---|---|---|---|---|---|---|---|---|---|---|
| Dewey Decimal Classification | London | London | News article | 12/05/2004 | WB4018-09 | 126168-1001 | 06/08/2019 | 1 | 06/08/2019 | News article |